Statystyki dla Quiz o Omanie

Kliknij tutaj aby rozwiązać quiz!

Ogólne statystyki

  • Ten quiz został rozwiązany 540 razy
  • Średni wynik to 14 z 24

Statystyki odpowiedzi

WskazówkaOdpowiedź% Poprawnych
Państwa graniczące z OmanemArabia Saudyjska
95%
Państwa graniczące z OmanemJemen
95%
Język urzędowyArabski
94%
Główna religiaIslam
94%
Państwa graniczące z OmanemZjednoczone Emiraty Arabskie
91%
StolicaMaskat
80%
Najbardziej eksportowany produktRopa naftowa
78%
Morza i zatoki graniczące z OmanemZatoka {Perska}
78%
Kraj, który rządził Omanem do 1951 rokuWielka Brytania
76%
Oman był przedostatnim na świecie
krajem, który to zniósł
Niewolnictwo
72%
Morza i zatoki graniczące z OmanemMorze {Arabskie}
68%
Tytuł monarchy OmanuSułtan
65%
W Omanie mieszka co najmniej 465 500 obywateli
z tego kraju
Indie
63%
Morza i zatoki graniczące z OmanemZatoka {Omańska}
44%
Waluta OmanuRial omański
43%
Afrykańska wyspa, która kiedyś była stolicą Omanu
i rezydencją monarchów Omanu
Zanzibar
38%
Ptak narododwySokół
35%
Cieśnina między Iranem a OmanemCieśnina {Ormuz}
33%
Oman produkuje 17% tego
składnika perfum
{Kadzi}dło
33%
Typem tej broni jest „Handżar” pojawiający się na fladzeSztylet
33%
Nazwij jedno z dwóch największych miast
po stolicy
Seeb | Salala
29%
Monarcha Omanu z lat 1970-2020Kabus ibn Sa’id
24%
Nazwa stolicy to także
nazwa gatunku tego owocu
Winogrona
21%
Tradycyjny statek zaczynający się na literę DDau
20%

Rozkład punktacji

Percentyl według liczby udzielonych odpowiedzi

Procent ludzi z każdym wynikiem

Twoja historia wyników

Nie rozwiązałeś tego quizu